[Event "Ste-Foy 6 2024-25"]
[Site "Ste-Foy CAN"]
[Date "2025.07.21"]
[Round "3"]
[White "Pinsonneault, Sebastien"]
[Black "Yergeau, Samuel"]
[Result "1-0"]
[WhiteElo "1621"]
[BlackElo "1376"]
[WhiteFideId "-1"]
[WhiteFideId "-1"]
[PlyCount "45"]
[GameId "2203114179073983"]
[EventDate "2025.07.07"]
[EventType "swiss"]
[EventRounds "5"]
[EventCountry "CAN"]
[TimeControl "5400+30"]

1. d4 Nf6 2. c4 e6 3. Nf3 b6 4. Nc3 Bb4 5. e3 d6 6. Bd3 Bb7 7. O-O Bxc3 8. bxc3 Nbd7 9. Qe2 e5 10. e4 h6 11. a4 O-O 12. a5 Re8 13. a6 Bc8 14. Ne1 Nf8 15. f4 Ng6 16. f5 Ne7 17. g4 g5 18. h4 Nh7 19. hxg5 hxg5 20. Qh2 Kg7 21. Bxg5 Nxg5 22. f6+ Kg6 23. Qh5# 1-0

[Event "Ste-Foy 6 2024-25"]
[Site "Ste-Foy CAN"]
[Date "2025.07.21"]
[Round "3"]
[White "Simard, Rejean"]
[Black "Miranda, Carlos"]
[Result "0-1"]
[WhiteElo "1011"]
[BlackElo "1372"]
[WhiteFideId "-1"]
[WhiteFideId "-1"]
[PlyCount "62"]
[GameId "2203114477156335"]
[EventDate "2025.07.07"]
[EventType "swiss"]
[EventRounds "5"]
[EventCountry "CAN"]
[TimeControl "5400+30"]

1. d4 d5 2. Nd2 Nf6 3. Ngf3 Nc6 4. e3 a6 5. Bd3 Bg4 6. c3 e6 7. O-O Bd6 8. Qc2 Qe7 9. Re1 O-O-O 10. e4 dxe4 11. Bxe4 Nxe4 12. Nxe4 Bxf3 13. gxf3 Qh4 14. Nxd6+ Rxd6 15. Re4 Qf6 16. Bf4 Rd5 17. Qd3 Rf5 18. Bg3 Rxf3 19. Qe2 g5 20. Kg2 Rf5 21. Rf1 h5 22. h4 gxh4 23. Bxh4 Rg8+ 24. Kh2 Qg6 25. f3 Kd7 26. Qf2 Qh7 27. Qe2 Ne7 28. Bxe7 Kxe7 29. Rh4 Rfg5 30. Rf2 Qf5 31. Rh3 Qf4+ 0-1

[Event "Ste-Foy 6 2024-25"]
[Site "Ste-Foy CAN"]
[Date "2025.07.21"]
[Round "3"]
[White "Tremblay, Noah"]
[Black "Oliver, Vance"]
[Result "1-0"]
[WhiteElo "1726"]
[BlackElo "1391"]
[WhiteFideId "-1"]
[WhiteFideId "-1"]
[PlyCount "53"]
[GameId "2203114106050483"]
[EventDate "2025.07.07"]
[EventType "swiss"]
[EventRounds "5"]
[EventCountry "CAN"]
[TimeControl "5400+30"]

1. e4 d6 2. d4 Nf6 3. Nc3 g6 4. Bg5 Bg7 5. e5 dxe5 6. dxe5 Nfd7 7. e6 fxe6 8. Nf3 O-O 9. Qe2 Nc5 10. Qe3 b6 11. Bc4 Nc6 12. Rd1 Qe8 13. O-O Kh8 14. Rfe1 Bd7 15. Bh6 Bxh6 16. Qxh6 Rxf3 17. gxf3 Qf7 18. Qe3 Rd8 19. b4 Nxb4 20. Qe5+ Kg8 21. Qxc7 Rf8 22. Rxd7 Qxf3 23. Qg3 Nxc2 24. Qxf3 Rxf3 25. Rxe6 Rxc3 26. Rexe7+ Rxc4 27. Rd8# 1-0

[Event "Ste-Foy 6 2024-25"]
[Site "Ste-Foy CAN"]
[Date "2025.07.21"]
[Round "3"]
[White "Wafer, Jacques"]
[Black "Taran, Maksim"]
[Result "1/2-1/2"]
[WhiteElo "1356"]
[BlackElo "936"]
[WhiteFideId "-1"]
[WhiteFideId "-1"]
[PlyCount "80"]
[GameId "2203114551117819"]
[EventDate "2025.07.07"]
[EventType "swiss"]
[EventRounds "5"]
[EventCountry "CAN"]
[TimeControl "5400+30"]

1. e4 e6 2. d4 d5 3. e5 c5 4. Bb5+ Bd7 5. Bxd7+ Nxd7 6. Nf3 f6 7. O-O fxe5 8. dxe5 Ne7 9. Re1 Ng6 10. Bg5 Be7 11. Bxe7 Qxe7 12. Nc3 O-O 13. g3 Qf7 14. Ng5 Qxf2+ 15. Kh1 Qf5 16. Nxe6 Qxe6 17. Qxd5 Qxd5+ 18. Nxd5 Ndxe5 19. Ne7+ Nxe7 20. Rxe5 Ng6 21. Rxc5 Rac8 22. Rxc8 Rxc8 23. c3 Ne5 24. Re1 Nd3 25. Re7 Rb8 26. b4 a6 27. Kg2 Kf8 28. Rd7 Ne5 29. Rc7 Nc6 30. h4 Ne7 31. c4 Kf7 32. a3 Ke6 33. Kf3 Rf8+ 34. Ke4 Rb8 35. c5 g6 36. g4 h6 37. Kd4 Nc6+ 38. Ke4 Ne7 39. Kd4 Nc6+ 40. Ke4 Ne7 1/2-1/2

[Event "Ste-Foy 6 2024-25"]
[Site "Ste-Foy CAN"]
[Date "2025.07.28"]
[Round "4"]
[White "Auger, Bertrand"]
[Black "Pinsonneault, Sebastien"]
[Result "0-1"]
[WhiteElo "1843"]
[BlackElo "1621"]
[WhiteFideId "-1"]
[WhiteFideId "-1"]
[PlyCount "74"]
[GameId "2205773592146024"]
[EventDate "2025.07.07"]
[EventType "swiss"]
[EventRounds "5"]
[EventCountry "CAN"]
[TimeControl "5400+30"]

1. Nf3 d6 2. d4 Nf6 3. g3 g6 4. Bg2 Bg7 5. O-O O-O 6. c4 Bg4 7. h3 Bd7 8. Nc3 Qc8 9. Kh2 Nc6 10. d5 Na5 11. Nd2 c5 12. b3 Ng4+ 13. hxg4 Bxc3 14. Rb1 Bxg4 15. f3 Bd7 16. Ne4 Bg7 17. Bd2 b6 18. Qc1 Rb8 19. Bh6 Nb7 20. Bxg7 Kxg7 21. Qc3+ Kg8 22. g4 f6 23. Kg3 Nd8 24. Rh1 Nf7 25. f4 Bxg4 26. Rh4 h5 27. Nf2 g5 28. Rxg4 hxg4 29. Nxg4 Kg7 30. Bh3 Qf5 31. Rf1 Rh8 32. Nh6 gxf4+ 33. Rxf4 Qh5 34. Nf5+ Kf8 35. Rh4 Qg5+ 36. Bg4 Rxh4 37. Nxh4 Ne5 0-1

[Event "Ste-Foy 6 2024-25"]
[Site "Ste-Foy CAN"]
[Date "2025.07.28"]
[Round "4"]
[White "Barrera, Eduardo"]
[Black "Lescarbeau, Martin"]
[Result "1-0"]
[WhiteElo "1945"]
[BlackElo "1728"]
[WhiteFideId "-1"]
[WhiteFideId "-1"]
[PlyCount "37"]
[GameId "2205773446987856"]
[EventDate "2025.07.07"]
[EventType "swiss"]
[EventRounds "5"]
[EventCountry "CAN"]
[TimeControl "5400+30"]

1. e4 e6 2. d4 d5 3. e5 c5 4. c3 Qb6 5. Nf3 Bd7 6. Be2 Bb5 7. Bxb5+ Qxb5 8. Na3 Qa6 9. dxc5 Bxc5 10. b4 Be7 11. Nd4 Nd7 12. Nab5 Qb6 13. Be3 Rc8 14. a4 a6 15. Nf5 d4 16. Bxd4 Qc6 17. Nbd6+ Kf8 18. Nxc8 Qxg2 19. Ng3 1-0

[Event "Ste-Foy 6 2024-25"]
[Site "Ste-Foy CAN"]
[Date "2025.07.28"]
[Round "4"]
[White "Berube, Antoine"]
[Black "Vaillant, Charles-Etienne"]
[Result "1-0"]
[WhiteElo "2242"]
[BlackElo "1884"]
[WhiteFideId "-1"]
[WhiteFideId "-1"]
[PlyCount "113"]
[GameId "2205773363826756"]
[EventDate "2025.07.07"]
[EventType "swiss"]
[EventRounds "5"]
[EventCountry "CAN"]
[TimeControl "5400+30"]

1. d4 d5 2. c4 c6 3. Nf3 Nf6 4. g3 Bf5 5. Nc3 e6 6. Nh4 Be4 7. f3 Bg6 8. Qb3 Qd7 9. Nxg6 hxg6 10. e3 c5 11. cxd5 exd5 12. dxc5 Bxc5 13. Bd2 O-O 14. O-O-O Nc6 15. Kb1 Rfd8 16. Na4 Be7 17. g4 Rab8 18. Rc1 Ne5 19. Be2 Nc4 20. Rcd1 b5 21. Nc3 a5 22. Bc1 a4 23. Qc2 Qb7 24. g5 Ne8 25. e4 dxe4 26. Qxe4 Qxe4+ 27. Nxe4 Ned6 28. Nxd6 Nxd6 29. Rd5 b4 30. Rhd1 Nf5 31. Rxd8+ Rxd8 32. Rxd8+ Bxd8 33. Bd1 a3 34. bxa3 bxa3 35. Kc2 Nd4+ 36. Kd3 Ne6 37. h4 Bc7 38. Bxa3 Bg3 39. Bb3 Nc7 40. Bc1 Bxh4 41. a4 Kf8 42. Bf4 Ne8 43. a5 Bf2 44. Ba4 Ba7 45. a6 f6 46. Bxe8 Kxe8 47. Be3 Bb8 48. Kc4 Kd7 49. Kd5 fxg5 50. Bc5 g4 51. fxg4 Kd8 52. Ke6 Ke8 53. g5 Ba7 54. Bxa7 Kf8 55. Bc5+ Kg8 56. a7 Kh7 57. Kf7 1-0

[Event "Ste-Foy 6 2024-25"]
[Site "Ste-Foy CAN"]
[Date "2025.07.28"]
[Round "4"]
[White "Blais, Pierre-Luc"]
[Black "Cantin, Guillaume"]
[Result "0-1"]
[WhiteElo "1469"]
[BlackElo "1246"]
[WhiteFideId "-1"]
[WhiteFideId "-1"]
[PlyCount "90"]
[GameId "2205801387110540"]
[EventDate "2025.07.07"]
[EventType "swiss"]
[EventRounds "5"]
[EventCountry "CAN"]
[TimeControl "5400+30"]

1. d4 Nf6 2. c4 e6 3. Nf3 d5 4. Nc3 Be7 5. Bg5 O-O 6. e3 b6 7. Bd3 dxc4 8. Bxc4 Bb7 9. O-O Nbd7 10. Rc1 Ne4 11. Nxe4 Bxe4 12. Bxe7 Qxe7 13. Nd2 Bb7 14. Bd3 Nf6 15. Nc4 Rac8 16. Ne5 c5 17. dxc5 bxc5 18. Qa4 Rc7 19. Qh4 h6 20. g4 Nd5 21. Qxe7 Nxe7 22. b4 Rfc8 23. b5 Bd5 24. a4 c4 25. Be2 f6 26. Nf3 c3 27. Nd4 e5 28. Nf5 Nxf5 29. gxf5 Be4 30. Bg4 c2 31. f3 Bd3 32. Rf2 Rc3 33. f4 Rb3 34. Rcxc2 Rxc2 35. fxe5 Rb1+ 36. Kg2 Be4+ 37. Bf3 Bxf3+ 38. Kxf3 Rxf2+ 39. Kxf2 fxe5 40. Kf3 Ra1 41. Ke4 Rxa4+ 42. Kxe5 Ra5 43. Ke6 Rxb5 44. e4 a5 45. Kd6 Rxf5 0-1

[Event "Ste-Foy 6 2024-25"]
[Site "Ste-Foy CAN"]
[Date "2025.07.28"]
[Round "4"]
[White "Bourassa, Samuel"]
[Black "Page Fortin, Mathieu"]
[Result "1-0"]
[WhiteElo "2011"]
[BlackElo "1940"]
[WhiteFideId "-1"]
[WhiteFideId "-1"]
[PlyCount "71"]
[GameId "2205773273341992"]
[EventDate "2025.07.07"]
[EventType "swiss"]
[EventRounds "5"]
[EventCountry "CAN"]
[TimeControl "5400+30"]

1. e4 e6 2. d4 d5 3. Nc3 Nf6 4. exd5 exd5 5. Bg5 Be7 6. Qd2 Nc6 7. O-O-O Bf5 8. Qf4 Qd7 9. Bb5 h6 10. Bxc6 bxc6 11. Bxf6 Bxf6 12. Re1+ Be6 13. Nf3 O-O 14. Na4 Qd6 15. Qd2 Rfe8 16. Ne5 Rab8 17. Nc5 Bf5 18. f4 Rb6 19. g4 Bc8 20. h4 Be7 21. Reg1 Qd8 22. h5 Bxc5 23. dxc5 Ra6 24. g5 Kf8 25. Re1 Bf5 26. a3 Be4 27. gxh6 gxh6 28. Rhg1 Qh4 29. Re2 Re6 30. Rh2 Qd8 31. Qe2 Ra5 32. Qg4 Rxe5 33. fxe5 Qg5+ 34. Qxg5 hxg5 35. Rxg5 Rxc5 36. h6 1-0

[Event "Ste-Foy 6 2024-25"]
[Site "Ste-Foy CAN"]
[Date "2025.07.28"]
[Round "4"]
[White "Couture, Francois"]
[Black "Bergeron, Cedric"]
[Result "0-1"]
[WhiteElo "1176"]
[BlackElo "1169"]
[WhiteFideId "-1"]
[WhiteFideId "-1"]
[PlyCount "114"]
[GameId "2205802029445356"]
[EventDate "2025.07.07"]
[EventType "swiss"]
[EventRounds "5"]
[EventCountry "CAN"]
[TimeControl "5400+30"]

1. d4 e5 2. dxe5 Nc6 3. Bf4 Qe7 4. Nf3 Qb4+ 5. Bd2 Qxb2 6. Bc3 Bb4 7. Bxb4 Nxb4 8. Nd4 Qxa1 9. a3 Qxd4 10. axb4 Qxd1+ 11. Kxd1 f6 12. exf6 Nxf6 13. f3 Nd5 14. c3 O-O 15. Kd2 d6 16. e4 Nb6 17. Na3 Be6 18. Nb5 Rf7 19. Be2 c6 20. Nxd6 Rd7 21. e5 Bc4 22. Bd1 Nc8 23. Ke3 Nxd6 24. exd6 Rxd6 25. Bc2 Re8+ 26. Kf4 Rf6+ 27. Kg3 Re2 28. Be4 Bd5 29. Bxd5+ cxd5 30. Rd1 Rg6+ 31. Kf4 Rgxg2 32. Rxd5 Rxh2 33. Rd8+ Kf7 34. Rd7+ Re7 35. Rd8 Rh4+ 36. Kg3 Rc4 37. Ra8 Rxc3 38. Rxa7 Rb3 39. Ra4 b5 40. Ra6 Rxb4 41. Rb6 h5 42. Rc6 h4+ 43. Kh3 Rc4 44. Rb6 b4 45. Rb5 g6 46. Rb6 Re6 47. Rb7+ Kf6 48. Rb5 Rf4 49. Rb8 Rxf3+ 50. Kg2 Rb3 51. Rf8+ Kg7 52. Rf2 h3+ 53. Kh2 Rc3 54. Rb2 b3 55. Rb1 Re2+ 56. Kg1 b2 57. Kf1 Rec2 0-1

[Event "Ste-Foy 6 2024-25"]
[Site "Ste-Foy CAN"]
[Date "2025.07.28"]
[Round "4"]
[White "Deschenes, Andre-Philippe"]
[Black "Tremblay, Charles"]
[Result "0-1"]
[WhiteElo "1145"]
[BlackElo "1512"]
[WhiteFideId "-1"]
[WhiteFideId "-1"]
[PlyCount "80"]
[GameId "2205801547714724"]
[EventDate "2025.07.07"]
[EventType "swiss"]
[EventRounds "5"]
[EventCountry "CAN"]
[TimeControl "5400+30"]

1. d4 e6 2. Nf3 d5 3. e3 Nc6 4. a3 Bd6 5. Bd3 Nf6 6. Nbd2 O-O 7. O-O Re8 8. b3 a6 9. Bb2 Bd7 10. Ne5 Re7 11. f4 Bxe5 12. fxe5 Ne8 13. Bxh7+ Kxh7 14. Qh5+ Kg8 15. Rf3 g6 16. Qh6 Ng7 17. Rh3 Nh5 18. g4 Qf8 19. Qg5 Qg7 20. gxh5 gxh5 21. Rg3 Qxg5 22. Rxg5+ Kh7 23. Rxh5+ Kg6 24. Rh3 Rg8 25. Rg3+ Kh7 26. Rxg8 Kxg8 27. Rf1 Re8 28. h4 Ne7 29. Rf3 Nf5 30. Rh3 Kh7 31. Kf2 Rg8 32. Nf3 Rg6 33. Ng5+ Kg7 34. c4 c6 35. Kf3 f6 36. exf6+ Rxf6 37. Kg4 Nh6+ 38. Kh5 Be8+ 39. Nf7 Bxf7+ 40. Kg5 Rf5# 0-1

[Event "Ste-Foy 6 2024-25"]
[Site "Ste-Foy CAN"]
[Date "2025.07.28"]
[Round "4"]
[White "Fridmann, Clement"]
[Black "Tremblay, Noah"]
[Result "1-0"]
[WhiteElo "1437"]
[BlackElo "1726"]
[WhiteFideId "-1"]
[WhiteFideId "-1"]
[PlyCount "119"]
[GameId "2205801308209280"]
[EventDate "2025.07.07"]
[EventType "swiss"]
[EventRounds "5"]
[EventCountry "CAN"]
[TimeControl "5400+30"]

1. e4 e5 2. f4 d5 3. exd5 c6 4. dxc6 Nxc6 5. Bb5 exf4 6. Nf3 Qe7+ 7. Qe2 Qxe2+ 8. Kxe2 Bd7 9. d4 Bd6 10. Nc3 O-O-O 11. Kf2 Nf6 12. a3 Ng4+ 13. Kf1 Rhe8 14. h3 Ne3+ 15. Bxe3 fxe3 16. Re1 Bg3 17. Rd1 a6 18. Bd3 Ne7 19. Ne4 Nf5 20. Ke2 Bf2 21. Rh2 Rxe4 22. Bxe4 Ng3+ 23. Kd3 e2 24. Rc1 Nxe4 25. Kxe4 Re8+ 26. Kd3 Bf5+ 27. Kc3 Re3+ 28. Kd2 Re4 29. Re1 Bxe1+ 30. Kxe1 h5 31. c3 h4 32. Ng1 g5 33. Nxe2 g4 34. Kd2 g3 35. Rh1 Bg6 36. Rf1 Kd7 37. Rf4 Rxf4 38. Nxf4 Be4 39. Ke3 f5 40. Ke2 b5 41. Kf1 Kd6 42. Ng6 Kd5 43. Nxh4 Kc4 44. Ng6 Kb3 45. h4 Kxb2 46. h5 f4 47. Nxf4 Kxc3 48. d5 a5 49. d6 Bc6 50. h6 b4 51. h7 b3 52. h8=Q+ Kc2 53. Qc8 b2 54. Qxc6+ Kb1 55. Ne2 Ka2 56. Nc3+ Ka1 57. Qc4 b1=Q+ 58. Nxb1 a4 59. Qb5 Ka2 60. d7 1-0

[Event "Ste-Foy 6 2024-25"]
[Site "Ste-Foy CAN"]
[Date "2025.07.28"]
[Round "4"]
[White "Genest, Jean-Philippe"]
[Black "Sauve, Richard"]
[Result "1-0"]
[WhiteElo "1638"]
[BlackElo "1860"]
[WhiteFideId "-1"]
[WhiteFideId "-1"]
[PlyCount "87"]
[GameId "2205773516693596"]
[EventDate "2025.07.07"]
[EventType "swiss"]
[EventRounds "5"]
[EventCountry "CAN"]
[TimeControl "5400+30"]

1. d4 d5 2. c4 e6 3. Nf3 Nf6 4. g3 Be7 5. Bg2 O-O 6. O-O dxc4 7. Qc2 a6 8. a4 Bd7 9. Qxc4 Bc6 10. Qc2 Nbd7 11. Nc3 h6 12. Rd1 Bb4 13. Ne5 Bxg2 14. Kxg2 c6 15. e4 Qc7 16. Nc4 Nb6 17. Bf4 Qd8 18. Ne5 Nbd7 19. Qe2 Nxe5 20. dxe5 Nd7 21. Qc4 Be7 22. Qd4 Nb6 23. a5 Qxd4 24. Rxd4 Bc5 25. Rd3 Nc4 26. b3 g5 27. bxc4 gxf4 28. Na4 Bb4 29. Nb6 Rad8 30. Nd7 fxg3 31. hxg3 Kh8 32. Nxf8 Rxf8 33. Rb3 c5 34. Rd3 Rb8 35. f4 b6 36. axb6 Rxb6 37. Rd6 Rb8 38. Raxa6 Bc3 39. Rd3 Bd4 40. Kh3 Rb4 41. Ra7 Kg7 42. f5 exf5 43. e6 fxe4 44. Rxf7+ 1-0

[Event "Ste-Foy 6 2024-25"]
[Site "Ste-Foy CAN"]
[Date "2025.07.28"]
[Round "4"]
[White "Houde, Louis-Thomas"]
[Black "Soubeyrand, Maxence"]
[Result "1-0"]
[WhiteElo "1421"]
[BlackElo "1206"]
[WhiteFideId "-1"]
[WhiteFideId "-1"]
[PlyCount "23"]
[GameId "2205801649365168"]
[EventDate "2025.07.07"]
[EventType "swiss"]
[EventRounds "5"]
[EventCountry "CAN"]
[TimeControl "5400+30"]

1. e4 c6 2. d4 d5 3. f3 Nd7 4. Nc3 dxe4 5. fxe4 e6 6. Nf3 c5 7. b3 cxd4 8. Qxd4 Qb6 9. Qxb6 Nxb6 10. Nb5 Kd8 11. Bf4 a6 12. Bc7+ 1-0

[Event "Ste-Foy 6 2024-25"]
[Site "Ste-Foy CAN"]
[Date "2025.07.28"]
[Round "4"]
[White "Laurendeau, Alfred"]
[Black "Savard, Alexandre"]
[Result "0-1"]
[WhiteElo "1500"]
[BlackElo "1756"]
[WhiteFideId "-1"]
[WhiteFideId "-1"]
[PlyCount "52"]
[GameId "2205801235353716"]
[EventDate "2025.07.07"]
[EventType "swiss"]
[EventRounds "5"]
[EventCountry "CAN"]
[TimeControl "5400+30"]

1. Nf3 Nf6 2. g3 e6 3. Bg2 d5 4. O-O Bd6 5. d4 Nbd7 6. b3 O-O 7. Bb2 b6 8. Nbd2 Bb7 9. Ne5 c5 10. e3 Rc8 11. c4 cxd4 12. exd4 Ba6 13. Re1 dxc4 14. Nc6 Qe8 15. Nxc4 Bb8 16. d5 Nc5 17. dxe6 Nxe6 18. Nd6 Bxd6 19. Qxd6 Kh8 20. Rad1 Bb7 21. Rc1 Bxc6 22. Bxc6 Qd8 23. Qe5 Qd2 24. Red1 Qh6 25. Rc4 Rxc6 26. Rxc6 Ng4 0-1

[Event "Ste-Foy 6 2024-25"]
[Site "Ste-Foy CAN"]
[Date "2025.07.28"]
[Round "4"]
[White "Lebel, Michel"]
[Black "Renzo, Alain"]
[Result "1-0"]
[WhiteElo "1009"]
[BlackElo "1244"]
[WhiteFideId "-1"]
[WhiteFideId "-1"]
[PlyCount "88"]
[GameId "2205801880969428"]
[EventDate "2025.07.07"]
[EventType "swiss"]
[EventRounds "5"]
[EventCountry "CAN"]
[TimeControl "5400+30"]

1. e4 e6 2. Nf3 d5 3. Bd3 dxe4 4. Bxe4 Nf6 5. Nc3 Bd7 6. Bxb7 Bc6 7. Bxa8 Bxa8 8. d3 Be7 9. O-O O-O 10. Bg5 Nbd7 11. b3 a6 12. a4 c5 13. Qd2 Bxf3 14. gxf3 Qc7 15. Rfe1 Bd6 16. f4 Nh5 17. Ne4 Bxf4 18. Bxf4 Nxf4 19. Qe3 f5 20. Ng5 h6 21. Nxe6 Nxe6 22. Qxe6+ Kh7 23. Re3 Nf6 24. Qxf5+ Kg8 25. Rae1 Nh7 26. Re8 Nf6 27. Qe6+ Qf7 28. Rxf8+ Kxf8 29. Qc8+ Ne8 30. Qxc5+ Kg8 31. Qc8 Qg6+ 32. Kf1 Kf8 33. Rxe8+ Qxe8 34. Qxe8+ Kxe8 35. Ke2 Ke7 36. c4 Ke6 37. Ke3 g5 38. c5 Kd5 39. d4 a5 40. f3 h5 41. h3 h4 42. Kd3 Kc6 43. Ke4 Kd7 44. Kf5 g4 1-0

[Event "Ste-Foy 6 2024-25"]
[Site "Ste-Foy CAN"]
[Date "2025.07.28"]
[Round "4"]
[White "Pepin, Pierre-Luc"]
[Black "Wafer, Jacques"]
[Result "0-1"]
[WhiteElo "1189"]
[BlackElo "1356"]
[WhiteFideId "-1"]
[WhiteFideId "-1"]
[PlyCount "46"]
[GameId "2205801950830816"]
[EventDate "2025.07.07"]
[EventType "swiss"]
[EventRounds "5"]
[EventCountry "CAN"]
[TimeControl "5400+30"]

1. d4 Nf6 2. c4 e6 3. g3 d5 4. cxd5 exd5 5. a3 Bf5 6. Bg2 c6 7. Nc3 Qa5 8. Bd2 Qb6 9. Bc1 Bd6 10. Nf3 Nbd7 11. e3 O-O 12. b4 Ne4 13. Nxe4 Bxe4 14. Nh4 Bxg2 15. Nxg2 a5 16. bxa5 Rxa5 17. O-O Rfa8 18. a4 Qa7 19. Ba3 Bxa3 20. Rxa3 Rxa4 21. Rb3 b5 22. Qc2 Qa6 23. Nf4 Ra1 0-1

[Event "Ste-Foy 6 2024-25"]
[Site "Ste-Foy CAN"]
[Date "2025.07.28"]
[Round "4"]
[White "Yergeau, Samuel"]
[Black "Arias Vitela, Derek"]
[Result "1-0"]
[WhiteElo "1376"]
[BlackElo "1089"]
[WhiteFideId "-1"]
[WhiteFideId "-1"]
[PlyCount "37"]
[GameId "2205801803649224"]
[EventDate "2025.07.07"]
[EventType "swiss"]
[EventRounds "5"]
[EventCountry "CAN"]
[TimeControl "5400+30"]

1. e4 e6 2. d4 d5 3. exd5 exd5 4. Nf3 Nf6 5. Nc3 Bd6 6. Bg5 c6 7. Be2 O-O 8. O-O h6 9. Bh4 Bf5 10. Re1 Nbd7 11. Bd3 Bg6 12. Ne5 Bh5 13. g4 Bxe5 14. dxe5 Bxg4 15. f3 Qb6+ 16. Bf2 Bxf3 17. Qxf3 Qxb2 18. exf6 Nxf6 19. Bd4 1-0

[Event "Ste-Foy 6 2024-25"]
[Site "Ste-Foy CAN"]
[Date "2025.08.04"]
[Round "5"]
[White "Barrera, Eduardo"]
[Black "Bourassa, Samuel"]
[Result "0-1"]
[WhiteElo "1945"]
[BlackElo "2011"]
[WhiteFideId "-1"]
[WhiteFideId "-1"]
[PlyCount "114"]
[GameId "2208549457581284"]
[EventDate "2025.07.07"]
[EventType "swiss"]
[EventRounds "5"]
[EventCountry "CAN"]
[TimeControl "5400+30"]

1. e4 c5 2. Nf3 g6 3. d4 cxd4 4. Nxd4 Bg7 5. Be3 Nf6 6. Nc3 Nc6 7. Be2 O-O 8. O-O d5 9. exd5 Nxd5 10. Nxd5 Qxd5 11. Bf3 Qc4 12. Nxc6 bxc6 13. c3 Bf5 14. Be2 Qh4 15. g3 Qe4 16. Bf3 Qc4 17. Be2 Qe6 18. Bf3 Rab8 19. Re1 Qc4 20. Be2 Qd5 21. Qc1 c5 22. Rd1 Qc6 23. b3 Rfd8 24. Qa3 Bxc3 25. Rxd8+ Rxd8 26. Rc1 Bh3 27. Bf1 Bxf1 28. Rxf1 Bd4 29. Bxd4 cxd4 30. Qxe7 Rd7 31. Qe8+ Kg7 32. Qe5+ f6 33. Qe2 d3 34. Qd2 Qf3 35. Rd1 Rd5 36. Rc1 g5 37. Re1 Rd7 38. Re3 Qd5 39. Re1 h6 40. Re3 Kg6 41. h3 f5 42. f4 Qd4 43. Kg2 Kf6 44. fxg5+ hxg5 45. Rf3 Qe4 46. Kf2 a5 47. h4 Qd4+ 48. Kg2 gxh4 49. Qh6+ Ke7 50. Qg5+ Qf6 51. Qe3+ Kf7 52. Qf2 hxg3 53. Qf1 Qh4 54. Rxg3 Qe4+ 55. Kh3 Rd6 56. Qc1 Rh6+ 57. Qxh6 Qh1# 0-1

[Event "Ste-Foy 6 2024-25"]
[Site "Ste-Foy CAN"]
[Date "2025.08.04"]
[Round "5"]
[White "Bergeron, Nicolas"]
[Black "Lescarbeau, Martin"]
[Result "0-1"]
[WhiteElo "1661"]
[BlackElo "1728"]
[WhiteFideId "-1"]
[WhiteFideId "-1"]
[PlyCount "66"]
[GameId "2208549739803924"]
[EventDate "2025.07.07"]
[EventType "swiss"]
[EventRounds "5"]
[EventCountry "CAN"]
[TimeControl "5400+30"]

1. d4 Nf6 2. c4 g6 3. Nc3 Bg7 4. e4 d6 5. Nf3 O-O 6. Be2 e5 7. O-O Nc6 8. d5 Ne7 9. Ne1 Nd7 10. Be3 f5 11. f3 f4 12. Bf2 g5 13. Rc1 Ng6 14. Nd3 Nf6 15. c5 Rf7 16. cxd6 cxd6 17. Nb5 a6 18. Nc3 h5 19. Na4 b5 20. Nb6 Rb8 21. Nxc8 Rxc8 22. Nb4 Rxc1 23. Qxc1 Rc7 24. Nc6 Qd7 25. a4 g4 26. axb5 axb5 27. Qd2 h4 28. Rc1 h3 29. gxh3 gxf3 30. Bxf3 Qxh3 31. Bg2 Qg4 32. Qd3 Qg5 33. Qxb5 f3 0-1

[Event "Ste-Foy 6 2024-25"]
[Site "Ste-Foy CAN"]
[Date "2025.08.04"]
[Round "5"]
[White "Cantin, Guillaume"]
[Black "Auger, Bertrand"]
[Result "0-1"]
[WhiteElo "1246"]
[BlackElo "1843"]
[WhiteFideId "-1"]
[WhiteFideId "-1"]
[PlyCount "81"]
[GameId "2208549805643040"]
[EventDate "2025.07.07"]
[EventType "swiss"]
[EventRounds "5"]
[EventCountry "CAN"]
[TimeControl "5400+30"]

1. d4 Nf6 2. c4 e6 3. Nf3 b6 4. g3 Bb7 5. Bg2 c5 6. e3 Be7 7. O-O O-O 8. Nc3 Ne4 9. Nxe4 Bxe4 10. b3 f5 11. Bb2 Bf6 12. Qd2 Nc6 13. Rad1 Rf7 14. d5 exd5 15. Bxf6 Qxf6 16. cxd5 Bxf3 17. Bxf3 Ne5 18. Bg2 d6 19. Rfe1 g5 20. Qe2 Ng6 21. Rd2 Re8 22. Qb5 Rfe7 23. Rde2 h5 24. f4 Kg7 25. Kh1 Rh8 26. fxg5 Qxg5 27. Qc6 Qf6 28. Rf1 Ne5 29. Qb5 Qg5 30. Rf4 h4 31. gxh4 Rxh4 32. Rxh4 Qxh4 33. Bf1 Kf6 34. Rg2 Qe4 35. Qe2 Rh7 36. Qf2 Ng4 37. Qf4 Rxh2+ 38. Qxh2 Nxh2 39. Kxh2 Qxe3 40. Re2 Qf4+ 41. Kg2 0-1

[Event "Ste-Foy 6 2024-25"]
[Site "Ste-Foy CAN"]
[Date "2025.08.04"]
[Round "5"]
[White "Couture, Francois"]
[Black "Pepin, Pierre-Luc"]
[Result "1-0"]
[WhiteElo "1176"]
[BlackElo "1189"]
[WhiteFideId "-1"]
[WhiteFideId "-1"]
[PlyCount "101"]
[GameId "2208550369142144"]
[EventDate "2025.07.07"]
[EventType "swiss"]
[EventRounds "5"]
[EventCountry "CAN"]
[TimeControl "5400+30"]

1. d4 d5 2. c4 e6 3. Nf3 Nf6 4. Nc3 a6 5. Bg5 Be7 6. e3 Nbd7 7. Bd3 c6 8. O-O O-O 9. c5 Ne8 10. Bf4 Nc7 11. Re1 Re8 12. Qc2 g6 13. e4 dxe4 14. Nxe4 Nd5 15. Nd6 Nxf4 16. Nxe8 Qxe8 17. Bc4 b5 18. Bb3 Bb7 19. Qd2 Nh5 20. Bc2 Rd8 21. Qe3 Ndf6 22. h3 Nd5 23. Qe5 Bf6 24. Qe4 Ne7 25. Rad1 Ng7 26. g4 Nd5 27. g5 Be7 28. Kg2 Nf5 29. Rh1 Bf8 30. Ne5 Bg7 31. Ng4 Nb4 32. Nf6+ Bxf6 33. gxf6 Nxc2 34. Qxc2 Rxd4 35. Rxd4 Nxd4 36. Qd2 Nf5 37. Rd1 h5 38. Qd8 Qxd8 39. Rxd8+ Kh7 40. Rd7 a5 41. Rxf7+ Kg8 42. Rxb7 a4 43. Kf3 Nd4+ 44. Ke4 Nf5 45. Ke5 Kf8 46. Rd7 Ke8 47. Kxe6 Nh4 48. f7+ Kf8 49. Rd8+ Kg7 50. f8=Q+ Kh7 51. Qh8# 1-0

[Event "Ste-Foy 6 2024-25"]
[Site "Ste-Foy CAN"]
[Date "2025.08.04"]
[Round "5"]
[White "Demers, Nathan"]
[Black "Aguilar Balzano, Sebastian"]
[Result "1-0"]
[WhiteElo "1596"]
[BlackElo "1157"]
[WhiteFideId "-1"]
[WhiteFideId "-1"]
[PlyCount "55"]
[GameId "2208550153848156"]
[EventDate "2025.07.07"]
[EventType "swiss"]
[EventRounds "5"]
[EventCountry "CAN"]
[TimeControl "5400+30"]

1. e4 e6 2. d4 d5 3. exd5 exd5 4. Bd3 Nf6 5. Nf3 Bd6 6. Qe2+ Qe7 7. Qxe7+ Bxe7 8. O-O O-O 9. Re1 Re8 10. Bg5 Bd7 11. Nc3 c6 12. Re2 Na6 13. Bxa6 bxa6 14. Ne5 Nh5 15. Bxe7 Rxe7 16. Nxd7 Rxd7 17. Rae1 Kf8 18. Na4 Nf4 19. Re3 Ne6 20. c3 g6 21. g3 Rdd8 22. b4 Rab8 23. Nc5 Nxc5 24. bxc5 Rb2 25. Re7 Rc8 26. Rxa7 Rxa2 27. Ree7 f5 28. Rxh7 1-0